000 00295nam a22001217a 4500
008 180514b xxu||||| |||| 00| 0 eng d
041 _aeng
080 _a043.3
100 _a0
101 _aSHKI-MTH
245 _aKualiteti i shërbimeve të internetit në Gjakovë
_cDodaj, J
942 _2udc
_cBK
999 _c45745
_d45745